Illustrated 'The Hobbit' Slideshow Quiz Stats

 Plays Quiz Updated May 11, 2016

Challenge
Share
Tweet
Score 0/19 Timer 05:00
3 Plays Today
% Correct
A Hobbit
99.4%
Gandalf
94.1%
Precioussss
86.5%
Trolls
84%
Smaug
81.5%
Dwarves
80.2%
Eagles
79.4%
Bilbo
76.7%
Rivendell
74.2%
Wolf
72.8%
% Correct
Great Goblin
70.9%
Five Armies
70.2%
Thorin
69.6%
Lonely Mountain
66%
Bard
61.4%
Mirkwood
60.2%
Lake-town
59.9%
Bombur
57.3%
Arkenstone
56.8%

You're not logged in!

Compare scores with friends on all Sporcle quizzes.
OR
Log In

You Might Also Like...

Show Comments

Extras

Top Quizzes Today


Score Distribution

Your Account Isn't Verified!

In order to create a playlist on Sporcle, you need to verify the email address you used during registration. Go to your Sporcle Settings to finish the process.

Report this User

Report this user for behavior that violates our Community Guidelines.

Details: